00369nam a2200133Ia 4500008004100000020001000041040001600051041001200067082002000079100002200099245007000121260003300191300001100224230917s9999||||xx |||||||||||||| ||und|| cRS150 e23314aMAIN aEnglish a331.10954 B469S aBhatnagar, Deepak 0aState and labour welfare in India: An appraisal of the ESI scheme aNew DelhibDeep & Deepc1985 a256 p.